Cidades das emissoras próprias e afiliadas à Rede Globo - Statistics

Estatísticas Gerais
  • Esse quiz foi jogado 32 vezes
  • A pontuação média é 67 de 122
Estatísticas das Respostas
Emissora UF Cidade % Correto
TV Liberal PA Belém
96%
TV Globo DF Brasília
91%
TV Sergipe SE Aracaju
87%
TV Globo MG Belo Horizonte
87%
EPTV SP Campinas
87%
TV Morena MS Campo Grande
87%
TV Roraima RR Boa Vista
83%
TV Verdes Mares CE Fortaleza
83%
TV Anhanguera GO Goiânia
83%
TV Gazeta AL Maceió
83%
InterTV Cabugi RN Natal
83%
InterTV Planícia RJ Campos dos Goytacazes
78%
TV Mirante MA Imperatriz
78%
TV Anhanguera TO Palmas
78%
RBS TV RS Porto Alegre
78%
TV Globo RJ Rio de Janeiro
78%
TV Mirante MA São Luís
78%
TV Gazeta ES Vitória
78%
TV Cacoal RO Cacoal
74%
TV Paraíba PB Campina Grande
74%
TV Cruzeiro do Sul AC Cruzeiro do Sul
74%
TV Cabo Branco PB João Pessoa
74%
TV Ariquemes RO Ariquemes
70%
TV Asa Branca PE Caruaru
70%
TV Centro América MT Cuiabá
70%
RPC PR Curitiba
70%
TV Alvorada PI Floriano
70%
TV Ji-Paraná RO Ji-Paraná
70%
TV São Francisco BA Juazeiro
70%
TV Verdes Mares Cariri CE Juazeiro do Norte
70%
TV Integração MG Juiz de Fora
70%
TV Amapá AP Macapá
70%
TV Amazonas AM Manaus
70%
TV Liberal PA Marabá
70%
InterTV Costa Branca RN Mossoró
70%
TV Rondônia RO Porto Velho
70%
TV Globo PE Recife
70%
TV Tribuna SP Santos
70%
TV Globo SP São Paulo
70%
TV Clube PI Teresina
70%
TV Anhanguera GO Anápolis
65%
TV Anhanguera TO Araguaína
65%
InterTV Alto Litoral RJ Cabo Frio
65%
TV Mirante MA Caxias/Codó
65%
NSC TV SC Chapecó
65%
TV Guajará-Mirim RO Guajará-Mirim
65%
NSC TV SC Joinville
65%
RPC PR Londrina
65%
TV Acre AC Rio Branco
65%
TV Tapajós PA Santarém
65%
TV TEM SP Sorocaba
65%
TV TEM SP Bauru
61%
TV Itacoatiara AM Itacoatiara
61%
RPC PR Maringá
61%
EPTV SP Ribeirão Preto
61%
TV Centro América Norte MT Sinop
61%
TV Sudoeste BA Vitória da Conquista
61%
TV Oeste BA Barreiras
57%
NSC TV SC Blumenau
57%
RPC PR Cascavel
57%
NSC TV SC Criciúma
57%
TV Subaé BA Feira de Santana
57%
NSC TV SC Florianópolis
57%
TV Parintins AM Parintins
57%
TV Bahia BA Salvador
57%
TV Vanguarda SP São José dos Campos
57%
TV Vilhena RO Vilhena
57%
TV Liberal PA Altamira
52%
RBS TV RS Caxias do Sul
52%
TV Morena MS Dourados/Ponta Porã
52%
RPC PR Foz do Iguaçu
52%
InterTV dos Vales MG Governador Valadares/Coronel Fabriciano/Ipatinga
52%
RBS TV RS Pelotas
52%
TV Grande Rio PE Petrolina
52%
TV Fronteira SP Presidente Prudente
52%
TV Anhanguera GO Rio Verde
52%
RBS TV RS Santa Maria
52%
EPTV Central SP São Carlos
52%
TV Gazeta Noroeste ES Colatina
48%
TV Santa Cruz BA Itabuna
48%
TV Anhanguera GO Jataí
48%
TV Diário SP Mogi das Cruzes
48%
InterTV Grande Minas MG Montes Claros
48%
RBS TV RS Rio Grande
48%
TV TEM SP São José do Rio Preto
48%
EPTV Sul de Minas MG Varginha
48%
TV Liberal PA Castanhal
43%
TV Morena MS Corumbá
43%
RPC PR Guarapuava
43%
TV Anhanguera TO Gurupi
43%
TV Gazeta Norte ES Linhares
43%
RPC PR Ponta Grossa
43%
TV Vanguarda SP Taubaté
43%
TV Integração MG Uberlândia
43%
TV Gazeta Sul ES Cachoeiro de Itapemirim
39%
TV Anhanguera GO Catalão
39%
TV Integração MG Divinópolis/Araxá
39%
TV Rio Sul RJ Resende
39%
TV Integração MG Uberaba
39%
RBS TV RS Bagé
35%
TV Liberal PA Paragominas
35%
TV Liberal PA Parauapebas
35%
TV Centro América Sul MT Rondonópolis
35%
TV Centro América MT Tangará da Serra
35%
RBS TV RS Uruguaiana
35%
InterTV Serra+Mar RJ Nova Friburgo
30%
RBS TV RS Passo Fundo
30%
TV Anhanguera GO Itumbiara
26%
TV Mirante MA Balsas
22%
RBS TV RS Erechim
22%
TV TEM SP Itapetininga
22%
TV Anhanguera GO Luziânia
22%
TV Liberal PA Redenção
22%
RBS TV RS Santa Cruz do Sul
22%
TV Liberal PA Tucuruí
22%
RBS TV RS Cruz Alta
17%
TV Liberal PA Itaituba
17%
TV Integração MG Ituiutaba
17%
NSC TV SC Joaçaba
17%
RPC PR Paranavaí
17%
TV Anhanguera GO Porangatu
13%
RBS TV RS Santa Rosa
9%
Nenhum quiz correspondente encontrado
Distribuição das Pontuações
Porcentagem de Pessoas com Cada Pontuação
Percentil de Números Respondidos
Sua Pontuação Histórica
Você não jogou esse quiz